000 00354nam a2200145Ia 4500
008 230312s9999||||xx |||||||||||||| ||und||
020 _a81-312-5299-4
082 _a612
_bKHU-C
100 _aKhurana;Indu
245 0 _aConcise textbook of Physiology
260 _bElsevier
_aIndia
_c2018
300 _a499
650 _aMedical
_vPhysiology
942 _cBK
999 _c13358
_d13358